36 - Né(es) un 5 février - Statistiques

Statistiques générales
  • Ce quiz a été pris 8 fois
  • Le résultat moyen est 5 sur 18
Statistiques - réponses
Hint Année de naissance Réponse % Correct
Portugais. Parfois considéré comme le plus grand joueur de football de tous les temps. 1985 Cristiano Ronaldo dos Santos Aveiro|Ronaldo
100%
Auteur-compositeur-interprète français. Son troisième album "Le Chanteur" lui permet d'accéder à la notoriété. Décédé dans un accident d'hélicoptère 1986. 1952 Daniel Balavoine
71%
Joueur de football brésilien passé par le FC Barcelone puis le PSG. Attaquant. 1992 Neymar da Silva Santos Júnior|Neymar
71%
Ingénieur français. Pionnier de l'industrie automobile, fondateur d'un fabricant d'automobiles en 1919 qui porte encore son nom. 1878 André Citroën
57%
Un des plus grands agents artistiques français. Est à l'initiative de la série télévisée à succès "Dix pour cent". Aussi connu pour son cheveu sur la langue. 1954 Dominique Besnehard
43%
Inventeur écossais de la chambre pneumatique. Il fonda une compagnie de pneumatiques qui porte son nom. 1840 John Boyd Dunlop
43%
Présentatrice belge de la météo sur TF1. 1985 Tatiana Silva
43%
Actrice vue "Les Damnés" (1969), "Zardoz" (1974), "Portier de nuit" (1974), "La Chair de l'orchidée" (1975) "Un taxi mauve" (1977), "Stardust Memories" (1980), "Le Verdict" (1982), "On ne meurt que deux fois" (1985), "Embrassez qui vous voudrez" (2002), "Sous le sable" (2000) et "Swimming Pool" (2003). 1946 Tessa Charlotte Rampling
43%
Chanteuse française. Connue pour sa participation à la comédie musicale "Notre-Dame de Paris" dans le rôle de Fleur-de-Lys. 1981 Julie Zenatti
14%
Homme politique démocrate américain. Investi par son parti en 1952 et 1956, il perdit à chaque fois face à Dwight D. Eisenhower. 1900 Adlai Ewing Stevenson II
0%
Ministre délégué à la Promotion de l'égalité des chances de 2005 à 2007. 1957 Azouz Begag
0%
Réalisateur français. A réalisé "Les Enfants du placard" (1977), "La Fille seule" (1995), "Tosca" (2001) ou "Villa Amalia" (2009). 1947 Benoît Jacquot
0%
Mathématicien et physicien français. Auteur de travaux sur les équations aux dérivées partielles, sur l'acoustique et la propagation de la chaleur. Laissa un théorème à son nom qui est aujourd'hui appelé "la règle de Raabe-". 1797 Jean-Marie Duhamel|Jean-Marie Constant Duhamel
0%
Acteur américain. Considéré comme l'un des acteurs les plus prolifiques de l'histoire du cinéma américain. Père de l'acteur David ... 1906 John Carradine
0%
Écrivain et critique d'art français. Auteur de "Sac au dos" (1880), "En ménage" (1881), "À rebours" (1884), "En rade" (1887), "Là-bas" (1891). 1848 Joris-Karl Huysmans|Charles Marie Georges Huysmans
0%
Rugby à XV international français. Troisième ligne centre. Remporte la Coupe d'Europe en 2010 ainsi que deux fois le championnat de France en 2011 et 2012 avec le club du Stade Toulousain. 1986 Louis Picamoles
0%
Président du Parlement européen de 1983 à 1984. 1907 Pierre Pflimlin
0%
Prix Nobel de physique de 1961 "pour ses études pionnières de la diffraction des électrons dans le noyau atomique et pour les découvertes sur la structure des nucléons qui en ont découlé". 1915 Robert Hofstadter
0%
Aucun quiz correspondant
Distribution des résultats
% des personnes avec chaque résultat
Percentile par nombre de réponses
Votre historique - résultats
Vous n’avez pas pris ce quiz